Government Finance Statistics Yearbook, 2014.

The IMF Government Finance Statistics contains statistical data on government financial operations for 156 countries. Where reported, the database contains time series from 1972 onwards using the Government Finance Statistics Manual 2014 (GFSM 2014) framework. The statistics, issued quarterly, are u...

Full description

Bibliographic Details
Corporate Author: International Monetary Fund. Statistics Dept
Format: Journal
Language:English
Published: Washington, D.C. : International Monetary Fund, 2015.
Series:Government Finance Statistics; Government Finance Statistics ; No. 2014/001
Online Access:Full text available on IMF
LEADER 01689cas a2200241 a 4500
001 AALejournalIMF014331
008 230101c9999 xx r poo 0 0eng d
020 |c 50.00 USD 
020 |z 9781484314678 
022 |a 0250-7374 
040 |a BD-DhAAL  |c BD-DhAAL 
110 2 |a International Monetary Fund.  |b Statistics Dept. 
245 1 0 |a Government Finance Statistics Yearbook, 2014. 
264 1 |a Washington, D.C. :  |b International Monetary Fund,  |c 2015. 
300 |a 1 online resource (820 pages) 
490 1 |a Government Finance Statistics 
500 |a <strong>Off-Campus Access:</strong> No User ID or Password Required 
500 |a <strong>On-Campus Access:</strong> No User ID or Password Required 
506 |a Electronic access restricted to authorized BRAC University faculty, staff and students 
520 3 |a The IMF Government Finance Statistics contains statistical data on government financial operations for 156 countries. Where reported, the database contains time series from 1972 onwards using the Government Finance Statistics Manual 2014 (GFSM 2014) framework. The statistics, issued quarterly, are updated as new data are received and time series become available. These time series present combined statistics on revenue, expense, transactions in non-financial assets, and financial assets and liabilities, as well as on stocks of assets and liabilities of general government and its subsectors. 
538 |a Mode of access: Internet 
830 0 |a Government Finance Statistics; Government Finance Statistics ;  |v No. 2014/001 
856 4 0 |z Full text available on IMF  |u http://elibrary.imf.org/view/books/043/21257-9781484314678-en/21257-9781484314678-en-book.xml  |z IMF e-Library